Silencing of the shiga toxin Stx-1 in enterohemorrhagic Escherichia coli O157 (EHEC) via synthetic non-coding RNA: a novel antibacterial approach (Record no. 534109)

000 -LEADER
fixed length control field 00554nam a22001457a 4500
020 ## - INTERNATIONAL STANDARD BOOK NUMBER
Qualifying information Hard Cover.
082 ## - DEWEY DECIMAL CLASSIFICATION NUMBER
Classification number 660
245 ## - TITLE STATEMENT
Title Silencing of the shiga toxin Stx-1 in enterohemorrhagic Escherichia coli O157 (EHEC) via synthetic non-coding RNA: a novel antibacterial approach
Statement of responsibility, etc. Saima Shafqat.
260 ## - PUBLICATION, DISTRIBUTION, ETC.
Place of publication, distribution, etc. Islamabad :
Name of publisher, distributor, etc. ASAB - NUST,
Date of publication, distribution, etc. 2017.
300 ## - PHYSICAL DESCRIPTION
Extent vii, 85 p. : ill. ;
Dimensions 30cm.
650 ## - SUBJECT ADDED ENTRY--TOPICAL TERM
Topical term or geographic name entry element Industrial Biotechnology - MS-Thesis.
700 ## - ADDED ENTRY--PERSONAL NAME
Personal name Dr. Fazal Adnan.
942 ## - ADDED ENTRY ELEMENTS (KOHA)
Source of classification or shelving scheme
Koha item type Thesis
650 ## - SUBJECT ADDED ENTRY--TOPICAL TERM
-- 27780
700 ## - ADDED ENTRY--PERSONAL NAME
-- 19366
Holdings
Withdrawn status Lost status Source of classification or shelving scheme Damaged status Not for loan Permanent Location Current Location Shelving location Date acquired Total Checkouts Full call number Barcode Date last seen Price effective from Koha item type
          Central Library (CL) Central Library (CL) Thesis 02/06/2020   660 CL-T-4890 02/06/2020 02/06/2020 Thesis
© 2023 Central Library, National University of Sciences and Technology. All Rights Reserved.